| 000 | 00708nam a2200241Ia 4500 | ||
|---|---|---|---|
| 005 | 20251020182536.0 | ||
| 008 | 200515s9999 xx 000 0 und d | ||
| 020 | _a978-9962-04-441-3 | ||
| 082 | _a720.2/M26 | ||
| 100 | _aMartinez Alonso, Claudia | ||
| 245 | 0 | _a1000 detalles de interiorismo | |
| 260 | _aBarcelona | ||
| 260 | _bLexus | ||
| 260 | _c2016 | ||
| 300 | _a399 p. | ||
| 300 | _bil., col., tbl., fot., col. | ||
| 500 | _a1 ejemplar | ||
| 520 | _aPresenta 1000 ideas para organizar y planificar la casa, para sentirse a gusto en ella y para satisfacer las necesidades del día a día. | ||
| 650 | _aDISEÑO DE INTERIORES | ||
| 650 | _aINTERIORISMO | ||
| 942 | _cLIB | ||
| 999 |
_c2255 _d2255 |
||